000 00476nab a22001457 4500
003 ES-SlBCS
005 20251205165819.0
008 250123s2024 it ||||| |||| 00| 0 ita d
040 _aES-SlBCS
_bspa
041 _aita
100 1 _aGreen, Elizabeth E.
_9235321
245 1 1 _a“Va’ dai miei fratelli e di’ loro”
_b: donne e nuova evangelizzazione
_cElizabeth E. Green
773 0 _gVol. 90, fasc. 2, 2024, págs. 285-296
_tLateranum
_wRev250
_x1010-7215
942 _2lcc
_cAR
999 _c902926
_d902926